000
00187 a2200097 4500
020
_a
9780345533661
041
_a
eng
100
_a
William landay
245
_a
Defending jacob
942
_c
BK
999
_c
30610
_d
30608